TENWEK HOSP HOME | SOC  | ASK A LIBRARIANSTAFF LOGIN  |  DIGITAL REPOSITORYe-BOOK PORTAL  |  OFF-CAMPUS PORTAL  |  DONATE

Pediatric care plans / (Record no. 3439)

MARC details
000 -LEADER
fixed length control field 01017pam a2200313 a 4500
001 - CONTROL NUMBER
control field 1562428
003 - CONTROL NUMBER IDENTIFIER
control field Ke-BoTe
005 - DATE AND TIME OF LATEST TRANSACTION
control field 20220531114044.0
008 - FIXED-LENGTH DATA ELEMENTS--GENERAL INFORMATION
fixed length control field 920827s1993 cau f 001 0 eng c
010 ## - LIBRARY OF CONGRESS CONTROL NUMBER
LC control number 92049364
020 ## - INTERNATIONAL STANDARD BOOK NUMBER
International Standard Book Number 0805309055
040 ## - CATALOGING SOURCE
Original cataloging agency DNLM/DLC
Transcribing agency DLC
Modifying agency DLC
050 00 - LIBRARY OF CONGRESS CALL NUMBER
Classification number RJ245
Item number .A885 1993
060 ## - NATIONAL LIBRARY OF MEDICINE CALL NUMBER
Classification number WY 39 A972p
082 00 - DEWEY DECIMAL CLASSIFICATION NUMBER
Classification number 610.73/62
Edition number 20
100 1# - MAIN ENTRY--PERSONAL NAME
Personal name Axton, Sharon Ennis.
9 (RLIN) 7317
245 10 - TITLE STATEMENT
Title Pediatric care plans /
Statement of responsibility, etc. Sharon Ennis Axton, Terry Fugate.
260 ## - PUBLICATION, DISTRIBUTION, ETC.
Place of publication, distribution, etc. Redwood City, Calif. :
Name of publisher, distributor, etc. Addison-Wesley Nursing,
Date of publication, distribution, etc. c1993.
300 ## - PHYSICAL DESCRIPTION
Extent xv, 479 p. ;
Dimensions 22 cm.
500 ## - GENERAL NOTE
General note Includes index.
650 #0 - SUBJECT ADDED ENTRY--TOPICAL TERM
Topical term or geographic name entry element Pediatric nursing
General subdivision Handbooks, manuals, etc.
9 (RLIN) 7227
650 #0 - SUBJECT ADDED ENTRY--TOPICAL TERM
Topical term or geographic name entry element Nursing care plans
General subdivision Handbooks, manuals, etc.
9 (RLIN) 4764
650 #2 - SUBJECT ADDED ENTRY--TOPICAL TERM
Topical term or geographic name entry element Patient Care Planning
General subdivision handbooks.
9 (RLIN) 4181
650 #2 - SUBJECT ADDED ENTRY--TOPICAL TERM
Topical term or geographic name entry element Pediatric Nursing
General subdivision handbooks.
9 (RLIN) 7216
700 1# - ADDED ENTRY--PERSONAL NAME
Personal name Fugate, Terry.
9 (RLIN) 7318
906 ## - LOCAL DATA ELEMENT F, LDF (RLIN)
a 7
b cbc
c orignew
d 1
e ocip
f 19
g y-gencatlg
942 ## - ADDED ENTRY ELEMENTS (KOHA)
Source of classification or shelving scheme Library of Congress Classification
Koha item type Books
Suppress in OPAC No
Holdings
Withdrawn status Lost status Source of classification or shelving scheme Damaged status Not for loan Collection code Home library Current library Shelving location Date acquired Total Checkouts Full call number Barcode Date last seen Price effective from Koha item type
    Library of Congress Classification     Non-fiction SCHOOL OF HEALTH SCIENCES SCHOOL OF HEALTH SCIENCES General Stacks 31.05.2022   RJ245.A885 1993 00003124 31.05.2022 31.05.2022 Books